| 000 | 01647nam0a2200409 4500 | ||
|---|---|---|---|
| 001 | RU\NLR\bibl\113197 | ||
| 005 | 20260406053312.0 | ||
| 010 |
_a5-222-01198-4 _910000 |
||
| 021 |
_aRU _b2000-23990 _91140 |
||
| 035 | _a(NLR Aleph) 000110811 | ||
| 090 |
_a628521 _c628521 |
||
| 100 | _a20001016d2000 |||y0rusy50 ca | ||
| 101 | 1 |
_arus _cger |
|
| 102 | _aRU | ||
| 105 | _ac ||||||||| | ||
| 200 | 1 |
_a12 ступенек на эшафот... _fВильгельм Кейтель _g[Пер. с нем. Н. Лаврова] |
|
| 210 |
_aРостов н/Д _cФеникс _d2000 |
||
| 215 |
_a413, [1] c., [4] л. портр. _d21 |
||
| 225 | 1 | _aСлед в истории | |
| 600 | 1 |
_aКейтель _bВ. _f1882 - 1946 _gВильгельм _92181414 _3RU\NLR\AUTH\661311794 |
|
| 601 | 0 | 1 |
_aГермания _bВооруженные силы _xИстория _z1933 - 1945 _92581153 _3RU\NLR\AUTH\661525872 |
| 606 | 1 |
_aВторая мировая война _jВоспоминания, записки и т.п _z1939 - 1945 _9981773 _3RU\NLR\AUTH\6651280 |
|
| 686 | 1 | _aТ3(4Г)63-8 | |
| 686 | 1 | _aЦ4,8(4Г)1,013 | |
| 686 | 1 | _aЦ35(0)62,013 | |
| 686 | 1 | _aЦ4,8(4Г)243дКейтель | |
| 700 | 1 |
_4070 _8rus _7ca _aКейтель _bВ. _cфельдмаршал _f1882-1946 _gВильгельм _3RU\NLR\AUTH\778096 _9118015 |
|
| 801 | 0 |
_aRU _bNLR _c20001016 _gPSBO |
|
| 801 | 1 |
_aRU _bNLR _c20001016 |
|
| 852 |
_aNLR _j2000-3/12043 |
||
| 942 | _cBOOK | ||
| 980 | _aNB | ||